000 02485nam a2200229 a 4500
001 000000310
005 20200929145324.0
008 081127s2007 dr 000 0 spa d
040 _aDO-SdBNP
_bspa
_cBNPHU
082 _a346
_bC348i
100 1 _aCastellanos Pizano, Víctor Joaquín
_91057
245 1 0 _aInstituciones de derecho civil /
_cVíctor Joaquín Castellanos Pizano.
260 _aSanto Domingo :
_bTrajano Potentini,
_c2007.
300 _a540 p. ;
_c24 cm.
505 2 _tPresentación --
_tLa influencia del derecho francés sobre el derecho dominicano --
_tEl concubinato en la República Dominicana --
_tLa responsabilidad por productos defectuosos --
_tLa responsabilidad civil por el derecho ajeno --
_tLa nueva responsabilidad civil delictual de los padres por los hechos de sus hijos menores en la República Dominicana --
_tEl problema de la opción entre las responsabilidades contractual y delictual, en derecho francés y dominicano --
_tPrecedentes de la sentencia del 17 de octubre del 2001, sobre unión marital de hecho --
_tCorrupción, justicia y seguridad ciudadanas --
_tLa responsabilidad civil contractual especial de ingenieros y arquitectos --
_tDivorcios y plazo de apelación --
_tEl error in substantia en materia de vicios del consentimiento --
_tLa acción pauliana --
_tEl matrimonio putativo --
_tcambio de sexo --
_tLas nociones de caso fortuito y fuerza mayor --
_tLos vicios redhibitorios --
_tIncompatibilidad del caso fortuito y la falta --
_tDonaciones entre convenientes --
_tDaño moral por muerte de un animal doméstico --
_tLa noción de guardián según el art. 1384 S 1 del código civil --
_tCédula de identidad y transferencia de inmuebles --
_tLos fallos jand'heur y manatico --
_tLa teoría de la imprevisión --
_tNeocolonialismo jurídico --
_tRes perit debitori --
_tFecha de evaluación de daño y consecuencias de su agravamiento --
_tLa ignorancia como factor suspensivo de la prescripción extintiva --
_tEl derecho de la retención --
_tPerspectivas de la responsabilidad civil extracontractual --
_tLas buenas costumbres --
_tPrecisiones sobre la resiliación --
_tContaminación sónica --
_tLas áreas protegidas.
500 _aIncluye referencias bibliograficas y notas al pie de las paginas
504 _aBibliografía: p. 497-540
590 _aLa biblioteca posee 2 ejemplares autografiados por el autor
590 _aInventariado,2018/DG
650 4 _aDerecho civil
_zRepública Dominicana
_91058
910 _aValidado. Control de calidad MFF
999 _c309
_d309